LEADER 01055nam a2200253 i 4500 001 000000197314 003 CaOOAMICUS 005 20110209000000.0 008 110209s2004 it u000 u ita u 013 $a176001 020 $a88-7152-758-5 040 $aSeMil$bita 100 1 $aOrione, Luigi .$0(OLS)http://semarc/name/5153 245 10$aSole o tempesta? :$blettere ai giovani /$cLuigi Orione ; a cura di Vincenzo Alesiani. 260 $aMilano :$bGribaudi,$c2004. 300 $a80 p. ;$c19 cm. 650 4$aOrione, Luigi - Lettere e Carteggi.$0(OLS)http://semarc/subject/3111 700 1 $aAlesiani, Vincenzo.$0(OLS)http://semarc/name/71434 850 $aSeMil 852 $aSeMil$W1$xVenegono$y1$m3H II 436$j147873$B147873$CSeMilBibl$Z2$F166168 $81 961 $aOmaggio: Altro 996 $6020$a88-7152-758-5$9(OLS)http://semarc/number/189402 996 $6245$aSole o tempesta? :$blettere ai giovani$9(OLS)http://semarc/title/284900 996 $6260$aMilano :$bGribaudi$9(OLS)http://semarc/publisher/31240 LEADER 00949nam a2200205 i 4500 001 000000078790 003 CaOOAMICUS 005 20170123000000.0 008 170123s1895 it u000 u ita u 013 $a51027 040 $aSeMil$bita 100 1 $aRainoni, Francesco.$0(OLS)http://semarc/name/76361 245 10$aTreviglio :$ble sue chiese, il suo santuario : memorie storiche /$criordinate per cura del sac. Francesco Rainoni. 260 $aTreviglio :$bStabilimento sociale tipografico librario,$c1895. 300 $a352 p., [2] c. di tav. :$bill. ;$c21 cm. 650 4$aTreviglio.$0(OLS)http://semarc/subject/6952 850 $aSeMil 852 $aSeMil$W1$xVenegono$y1$m3P II 29 FA$j44603$B44603$CSeMilBibl$Z2$F46386 $8I 996 $6245$aTreviglio :$ble sue chiese, il suo santuario : memorie storiche$9(OLS)http://semarc/title/402985 996 $6260$aTreviglio :$bStabilimento sociale tipografico librario$9(OLS)http://semarc/publisher/56380